000 00511nam a2200181Ia 4500
003 GCL
008 140319s9999 xx 000 0 eng d
040 _aGCL /
_cGCL
082 0 4 _a660.28423
_bG P
100 1 _aGANETSOS, G.
245 1 0 _aPreparative and Production Scale Chromatography /
_cGANETSOS, G.
700 1 _aBARKER, P.E.
260 _a[S.N] :
_bMacmillan Publishing Company ،
_c1993
650 0 4 _aSEPARATION
650 0 4 _aLIQUID CHROMATOGRAPHY
650 0 4 _aGAS CHROMATOGRAPHY
942 _2ddc
_cBK
999 _c17497
_d17497